000 00763cam a22001814a 4500
001 13225398
005 20240227055601.0
008 030605s1999 ci b 100 0 hrv
020 _a9539674476
040 _aDLC
_cDLC
_dDLC
082 _222
_a323.33.
_bNOV.
245 1 0 _aSeminar "Žene i politika: nova militarizacija Europe, posljedice i utjecaji" :
_bdokumentacija, Dubrovnik, 18.-23. svibnja 1998 /
_c[urednica, Durda Knežević] = Seminar "Women and Politics: the New Militarization of Europe, Impacts and Implications" : dokumentation, Dubrovnik, May 18-23, 1998 / [edited by Durda Knežević].
260 _aZagreb :
_bŽenska infoteka,
_c1999.
300 _a158 p. ;
650 0 _aWomen and the military
700 1 _aKnežević, Đurđa.
_eedt
942 _cL
999 _c506
_d506